Practical exercise therapy / (Record no. 52517)

MARC details
000 -LEADER
fixed length control field 00645nam a2200241Ia 4500
005 - DATE AND TIME OF LATEST TRANSACTION
control field 20260429112130.0
008 - FIXED-LENGTH DATA ELEMENTS--GENERAL INFORMATION
fixed length control field 260429s9999||||xx |||||||||||||| ||und||
020 ## - INTERNATIONAL STANDARD BOOK NUMBER
International Standard Book Number 9789363863521
041 ## - LANGUAGE CODE
Language English
082 ## - DEWEY DECIMAL CLASSIFICATION NUMBER
Classification number 615.82
Item number HOL
100 ## - MAIN ENTRY--PERSONAL NAME
Personal name Hollis, Margaret
245 #0 - TITLE STATEMENT
Title Practical exercise therapy /
Statement of responsibility, etc Margaret Hollis
250 ## - EDITION STATEMENT
Edition statement 4th ed.
260 ## - PUBLICATION, DISTRIBUTION, ETC. (IMPRINT)
Place of publication, distribution, etc New Delhi :
Name of publisher, distributor, etc Blackwell Science,
Date of publication, distribution, etc 2025.
300 ## - PHYSICAL DESCRIPTION
Extent vii, 280 p.; pbk
650 ## - SUBJECT ADDED ENTRY--TOPICAL TERM
Topical term or geographic name as entry element Therapy
650 ## - SUBJECT ADDED ENTRY--TOPICAL TERM
Topical term or geographic name as entry element Exercise
700 ## - ADDED ENTRY--PERSONAL NAME
Personal name Fletcher-Cook, Phyl
700 ## - ADDED ENTRY--PERSONAL NAME
Personal name Kitchen, Sheila S.
700 ## - ADDED ENTRY--PERSONAL NAME
Personal name Sanford, Barbara
700 ## - ADDED ENTRY--PERSONAL NAME
Personal name Waddington, Patricia J.
942 ## - ADDED ENTRY ELEMENTS (KOHA)
Koha item type Text Books
Holdings
Withdrawn status Lost status Damaged status Not for loan Collection code Home library Location Shelving location Date of Cataloging Source of acquisition Total Checkouts Full call number Barcode Date last seen Price effective from Koha item type
        Non-fiction CUTN Central Library CUTN Central Library Medicine, Technology & Management 29/04/2026 TBH Library Book Suppliers, Chennai - Invoice No. SINV00732 on 09-02-2026   615.82 HOL 57616 29/04/2026 29/04/2026 Text Books